header

A practical model-based approach to monetary policy analysis (Record no. 102894)

MARC details
000 -LEADER
fixed length control field 01301nam a2200313Ia 4500
100 1# - MAIN ENTRY--AUTHOR NAME
Personal name Berg, Andrew.
245 12 - TITLE STATEMENT
Title A practical model-based approach to monetary policy analysis
260 ## - PUBLICATION, DISTRIBUTION, ETC. (IMPRINT)
Place of publication [Washington, D.C.] :
Name of publisher International Monetary Fund,
Year of publication c2006.
300 ## - PHYSICAL DESCRIPTION
Number of Pages 43 p. :
Other physical details ill.
490 1# - SERIES STATEMENT
Series statement IMF working paper ;
500 ## - GENERAL NOTE
General note "March 2006".
650 #0 - SUBJECT ADDED ENTRY--TOPICAL TERM
Topical Term Monetary policy.
Topical Term Economic forecasting.
856 40 - ELECTRONIC LOCATION AND ACCESS
Uniform Resource Identifier http://site.ebrary.com/lib/rucke/Doc?id=10380906

No items available.

© 2026 Rongo University
Contact us: librarian | system librarian | Rongo university